00333nam a22001457a 4500008004100000020001500041082001600056110001500072245003400087260002200121300000800143440000900151942001200160999001500172230620b xxu||||| |||| 00| 0 eng d a9966941347 a323.4bKHRC bKHRCd2003 aQuarterly Human Rights Report aKenyabKHRCc2003 a60p n1v6 2ddccBK c1771d1771